000 00459pab a2200145 454500
008 180718b1989 xxu||||| |||| 00| 0 eng d
100 _aSreekantaradhya, B.S.
245 _aOctroi
_bIs there a case for its reintroduction in Karnataka?
260 _c1989
300 _a115-21
362 _aJuly-Sept.
650 _aMunicipal Finance - India - Karnataka
773 _aQuarterly Journal of the All - India Institute of Local Self - Government
909 _a14199
999 _c14199
_d14199